000 00766nam a2200229 a 4500
999 _c7102
_d7102
001 7102
003 BD-JhCC
005 20180205103527.0
008 180205s1968 bg |||| || | 000 0 bg d
035 _a(BD-JhCC)7102
040 _aBD-JhCC
_dBD-JhCC
041 _aben
082 _a954
_bKHA 1968
100 _aখান, আবদুল লতীফ
245 _aমুসলিম বাঙ্গালা : অামার যুগে /
_c আবদুল লতীফ খান,
260 _aঢাকা :
_bবাংলা একাডেমী,
_c1968
300 _a136 p. :
_c22 cm.
650 _aHistory Muslims
_zIndia
700 _aশামসুদ্দীন, আবু জাফর (অনূদিত)
942 _2ddc
_cBK